| 000 | 00000nam 2200000zi 4500 |
| 001 | 9.879211 |
| 003 | CaOODSP |
| 005 | 20221107165441 |
| 006 | m o d f |
| 007 | cr ||||||||||| |
| 008 | 190912s2008 onca ob f10| 0 fre d |
| 020 | |a9780662093190 |
| 040 | |aCaOODSP|bfre|erda|cCaOODSP |
| 041 | |afre|beng |
| 043 | |an-cn-bc|an------|an-cn--- |
| 086 | 1 |aCW69-20/1-2007F-PDF |
| 245 | 00|aLeçons des îles : |bles espèces introduites et ce qu'elles nous apprennent sur le fonctionnement des écosystèmes / |cAnthony J. Gaston, Todd E. Golumbia, Jean-Louis Martin, Sean T. Sharpe (coordinateurs). |
| 264 | 1|aOttawa : |bService canadien de la faune, Environnement Canada, |c[2008] |
| 264 | 4|c©2008 |
| 300 | |a1 ressource en ligne (ix, 211 pages) : |billustrations (certaines en couleur) |
| 336 | |atexte|btxt|2rdacontent/fre |
| 337 | |ainformatique|bc|2rdamedia/fre |
| 338 | |aressource en ligne|bcr|2rdacarrier/fre |
| 490 | 1 |aPublication spéciale / Service canadien de la faune |
| 500 | |aÉdition numérisée de l’imprimé [par Environnement et Changement climatique Canada]. |
| 500 | |aPublié aussi en anglais sous le titre : Lessons from the Islands: introduced species and what they tell us about how ecosystems work. |
| 500 | |a« Actes du Symposium du Groupe de recherche sur les espèces introduites tenu à Queen Charlotte City, Colombie-Britannique, du 1er au 5 octobre 2002. » |
| 504 | |aComprend des références bibliographiques. |
| 530 | |aÉgalement publié en version imprimée. |
| 692 | 07|2gccst|aGestion de la faune |
| 692 | 07|2gccst|aÉcologie |
| 692 | 07|2gccst|aÉcosystème |
| 692 | 07|2gccst|aCongrès |
| 700 | 1 |aGaston, A. J., |ecoordinateur. |
| 700 | 1 |aGolumbia, T. E. |q(Todd E.), |d1960- |ecoordinateur. |
| 700 | 1 |aMartin, Jean-Louis, |ecoordinateur. |
| 700 | 1 |aSharpe, Sean T., |ecoordinateur. |
| 710 | 1 |aCanada. |bEnvironnement Canada. |
| 710 | 2 |aResearch Group on Introduced Species. |
| 710 | 2 |aService canadien de la faune. |
| 775 | 08|tLessons from the islands : |w(CaOODSP)9.879199 |
| 776 | 0#|tLeçons des îles : |w(CaOODSP)9.627471 |
| 830 | #0|aPublication spéciale (Service canadien de la faune)|w(CaOODSP)9.501581 |
| 856 | 40|qPDF|s53.47 Mo|uhttps://publications.gc.ca/collections/collection_2019/eccc/CW69-20-1-2007-fra.pdf |